| Registos Bibliográficos associados ao registo de autoridade |
|
Etiqueta de registo: 01522nbm 2200325 450 001 1784889 003 http://id.bnportugal.gov.pt/bib/catbnp/1784889 100 ## $a20120925f18231900k--y0pory01030103ba 101 0# $apor 106 ## $ah 200 1# $a A membraida$bManuscrito]$epoema jocoserio e parabolico em quatro cantos 210 #1 $d[Depois de 1823] 215 ## $a[1] f., 143 p., [17] f., enc.$d20 cm 300 ## $aCópia da mesma mão 304 ## $aO autor do presente ms. é João Bernardo Pereira de Coutinho de Vilhena (ver BNP COD.
10569//2) 306 ## $aPara a datação considerou-se a data mais recente detectada no texto (p. 139, p. 142) 310 ## $aEnc. de pele, gravada com ferros a ouro. Tít. na lombada: «A Membraida» 317 ## $aPert.: Principal Freire ; Vitor Oliveira (ex-libris); Conde de S. Martinho (Quinta
do Bairro, Ota) 327 1# $aInclui no final: Notas do Editor (p. 139), Sonetos e Epigramas ([17] f.) 700 #1 $aVilhena,$bJoão Bernardo Pereira de Coutinho de,$ffl. 1823$31507722 702 #0 $aSão Martinho,$cConde de$4390$31507751 702 #0 $aFreire,$cPrincipal$4390$31507752 702 #1 $aOliveira,$bVítor$4390$31507753 801 #0 $aPT$bBN$gRPC 856 40 $uhttps://purl.pt/51003 856 41 $uhttps://purl.pt/51003/service/media/cover/low 856 49 $uhttps://purl.pt/51003/service/media/pdf$qapplication/pdf 958 ## $aBND$bLivre$cDigitalizado$d1$ehttps://purl.pt/51003/service/media/cover/max 966 ## $lBN$mRESMAN$sCOD. 13466$x2 995 ## $aPRR2022 $d20231115$idfontes$zBND
|
|
|